Petit Bac #89 - Pokémon (1ère Génération, en anglais) - Statistiques

Statistiques générales
  • Ce quiz a été pris 317 fois
  • Le résultat moyen est 11 sur 22
Statistiques - réponses
1ère Lettre Pokémon (1G) (EN) % Correct
P Pidgey / Pidgeotto / Pidgeot / Pikachu / Paras / Parasect / Persian / Psyduck / Primeape / Poliwag / Poliwhirl / Poliwrath / Ponyta / Pinsir / Porygon
82%
C Charmander / Charmeleon / Charizard / Caterpie / Clefairy / Clefable / Cloyster / Cubone / Chansey
80%
A Arbok / Arcanine / Abra / Alakazam / Aerodactyl / Articuno
78%
M Metapod / Meowth / Mankey / Machop / Machoke / Machamp / Magnemite / Magneton / Muk / Marowak / Mr. Mime / Magmar / Magikarp / Moltres / Mewtwo / Mew
73%
B Bulbasaur / Blastoise / Butterfree / Beedrill / Bellsprout
63%
V Venusaur / Vulpix / Vileplume / Venonat / Venomoth / Victreebel / Voltorb / Vaporeon
60%
R Rattata / Raticate / Raichu / Rapidash / Rhyhorn / Rhydon
57%
G Golbat / Gloom / Golduck / Growlithe / Geodude / Graveler / Golem / Grimer / Gastly / Gengar / Goldeen / Gyarados
56%
S Squirtle / Spearow / Sandshrew / Sandslash / Slowpoke / Slowbro / Seel / Shellder / Seadra / Seaking / Staryu / Starmie / Scyther / Snorlax
56%
E Ekans / Electrode / Exeggcute / Exeggutor / Electabuzz / Eevee
54%
Z Zubat / Zapdos
50%
D Diglett / Dugtrio / Doduo / Dodrio / Dewgong / Drowzee / Ditto / Dratini / Dragonair / Dragonite
49%
K Kakuna / Kadabra / Krabby / Kingler / Koffing / Kangaskhan / Kabuto / Kabutops
47%
J Jigglypuff / Jynx / Jolteon
45%
O Oddish / Onix / Omanyte / Omastar
40%
N Nidoran / Nidorina / Nidoqueen / Nidorino / Nidoking / Ninetales
35%
F Fearow / Farfetch’d / Flareon
34%
T Tentacool / Tentacruel / Tangela / Tauros
31%
W Wartortle / Weedle / Wigglytuff / Weepinbell / Weezing
31%
H Haunter / Hypno / Hitmonlee / Hitmonchan / Horsea
29%
I Ivysaur
29%
L Lickitung / Lapras
23%
Aucun quiz correspondant
Distribution des résultats
% des personnes avec chaque résultat
Percentile par nombre de réponses
Votre historique - résultats
Vous n’avez pas pris ce quiz